| 000 -ლიდერი |
| ფიქსირებული სიგრძის საკონტროლო ველი |
01097nam a2200241Ia 4500 |
| 001 - საკონტროლო ნომერი |
| საკონტროლო ველი |
19481 |
| 003 - საკონტროლო ნომრის იდენტიფიკატორი |
| საკონტროლო ველი |
GE_BSU |
| 005 - ბოლო ოპერაციის თარიღი და დრო |
| საკონტროლო ველი |
20200227171906.0 |
| 008 - ფიქსირებული სიგრძის მონაცემთა ელემენტები - ზოგადი ინფორმაცია |
| ფიქსირებული სიგრძის საკონტროლო ველი |
181216s1978||||ge |||||||||||||| ||geo|| |
| 040 ## - კატალოგიზაციის წყარო |
| Transcribing agency |
GE_BSU |
| 041 ## - ენის კოდი |
| Language code of text/sound track or separate title |
geo |
| 080 ## - უნივერსალური ათობითი კლასიფიკაციის ინდექსი |
| Universal Decimal Classification number |
81'37 რ-21 |
| 100 ## - მთავარი ჩანაწერი - პიროვნების სახელი |
| Personal name |
რამიშვილი, გურამ |
| 9 (RLIN) |
7409 |
| 245 ## - ცნობა სათაურის შესახებ |
| Title |
ენის ენერგეტული თეორიის საკითხები / |
| Statement of responsibility, etc |
გურამ რამიშვილი ; რედ. ლ. ნაჭყებია. |
| 264 ## - წარმოების, გამოცემის, დისტრიბუციის და სხვა ცნობები |
| გამოცემის, წარმოების, დისტრიბუციის... ადგილი |
თბილისი : |
| გამოცემის, წარმოების, დისტრიბუციის... სახელწოდება |
განათლება, |
| გამოცემის, წარმოების, დისტრიბუციის... თარიღი |
1978. |
| 300 ## - ფიზიკური აღწერა |
| Extent |
230 გვ. ; |
| Dimensions |
22 სმ. |
| 504 ## - BIBLIOGRAPHY, ETC. NOTE |
| Bibliography, etc |
ლიტ. სია გვ. 103-106 ; 221-223. - სახელთა საძიებელი გვ. : 224-226. - |
| 520 ## - SUMMARY, ETC. |
| Summary, etc |
რეზიუმე რუსულ ენაზე |
| 653 ## - INDEX TERM--UNCONTROLLED |
| Uncontrolled term |
ენათმეცნიერება |
| 653 ## - INDEX TERM--UNCONTROLLED |
| Uncontrolled term |
ენის ენერგეტიკული თეორია |
| 700 ## - ADDED ENTRY--PERSONAL NAME |
| Personal name |
ნაჭყებია, ლ. |
| Relator term |
რედაქტორი |
| 9 (RLIN) |
7410 |
| 942 ## - ADDED ENTRY ELEMENTS (KOHA) |
| Koha item type |
წიგნი |
| Source of classification or shelving scheme |
|